Statistiques concernant Les Brésiliens qui ont joué au Paris Saint-Germain

Cliquez ici pour prendre le quiz!

Statistiques générales

  • Ce quiz a été pris 1 557 fois
  • Le résultat moyen est 9 sur 31

Statistiques - réponses

PosteClub précédentPériodeRéponse% Correct
AttaquantFC Barcelone2017-Neymar
95%
DéfenseurAC Milan2012-Thiago Silva
89%
DéfenseurAS Rome2013-Marquinhos
84%
MilieuGrêmio2001-2003Ronaldinho
78%
DéfenseurChelsea2014-2016David Luiz
73%
DéfenseurJuventus2017-Dani Alves
60%
MilieuSão Paulo2013-Lucas
57%
DéfenseurFC Barcelone2012-2017Sherrer Maxwell
52%
MilieuSão Paulo1993-1998Raí
50%
DéfenseurChelsea2012-2014Alex
43%
MilieuMarseille2002-2003André Luiz
43%
AttaquantMonaco2010-2012Luis Nenê
40%
MilieuKashima Antlers1996-1997Leonardo
17%
DéfenseurInternacional2007-2012Marcos Ceará
17%
AttaquantCorinthians2008-2012Everton Santos
16%
MilieuBenfica1991-1995Valdo
14%
DéfenseurBenfica1991-1995Ricardo
12%
MilieuSão Paulo2007-2008Willamis Souza
12%
AttaquantSaint-Etienne2001-2003Aloísio
11%
MilieuFluminense2002-2007Paulo César
9%
AttaquantFlamengo2001-2005Reinaldo
8%
MilieuInter Milan2000-2001Vampeta
8%
AttaquantInternacional1999-2001Christian
6%
AttaquantParme1998-1999Adaílton
4%
MilieuFC Porto1997-1998Edmilson
4%
AttaquantSaint-Etienne2001-2002Alex Dias
3%
DéfenseurFC Porto1991-1992Geraldão
3%
DéfenseurVasco de Gama1979-1981Abel
2%
DéfenseurSantos1971-1972Joel Camargo
2%
AttaquantBotafogo1973-1974Armando Montero
1%
DéfenseurPortuguesa de Desportos1999-2000César Belli
1%

Distribution des résultats

Percentile par nombre de réponses

% des personnes avec chaque résultat

Votre développement - résultats

Vous n’avez pas pris ce quiz